000 00865nam a2200265Ia 4500
999 _c41076
_d41076
001 7725
003 GE_BSU
005 20221116140538.0
008 181216s2004en xx |||||||||||||| ||eng||
020 _a1852337338.x
040 _cGE_BSU
041 _aeng
080 _a515.9 H-84
100 _aHowie,John M.
_914692
245 _aComplex Analysis /
_cJohn M. Howie, Advisory Board: P.J.Cameron,M.A.J.Chaplain, K.Edman,and other.
264 _aLondon:
_bSpringer,
_c2004.
300 _a260 p;
_c23 cm.
440 _aSpringer Undergraduate Mathematics Series: ISSN 1615-2085.
_914670
653 _aComplex Analysis.
653 _aკომპლექსური ანალიზი
700 _aCameron, P.J
_eAdvisory Board
_914676
700 _aChaplain, M.A.J
_eAdvisory Board
_914672
700 _aEdman, K
_eAdvisory Board
_914691
942 _cBK
_2udc